Qu'est-ce qu'une faculté de droit?
Uloženo v:
| Hlavní autor: | |
|---|---|
| Médium: | Kniha |
| Jazyk: | francouzština |
| Vydáno: |
París
Sirey
1929
|
| Témata: | |
| Tagy: |
Přidat tag
Žádné tagy, Buďte první, kdo vytvoří štítek k tomuto záznamu!
|
MARC
| LEADER | 00000nam a2200000 a 4500 | ||
|---|---|---|---|
| 001 | UCS2574 | ||
| 003 | CL-VaPUC | ||
| 008 | 970604e19290000FR |||||||||||||||||fre|d | ||
| 082 | 0 | 4 | |a 340.07 |b BON |2 21 |
| 100 | 0 | |a Bonnecase, Julien |e author |9 388169 | |
| 245 | 1 | 0 | |a Qu'est-ce qu'une faculté de droit? |
| 300 | |a 202 p | ||
| 942 | |c BK | ||
| 945 | |d 19970604 00:00:00 |a paguirre | ||
| 260 | |a París |b Sirey |c 1929 | ||
| 500 | |a Complément de la monographie: introduction a l'étude du droit | ||
| 650 | 7 | |a DERECHO |2 CL-VaPUC |9 388170 | |
| 650 | 0 | |a Pedagogía jurídica |9 380883 | |
| 650 | 0 | |a Enseñanza del derecho |9 354184 | |
| 650 | 0 | |a Escuelas de derecho |9 257536 | |
| 651 | 0 | |a Francia |9 255157 | |
| 583 | |a last modification |c 19970604 00:00:00 |k Rodrigo Vera | ||
| 999 | |c 260520 |d 260518 | ||
| 952 | |0 0 |1 0 |4 0 |6 340_070000000000000_BON_1929 |7 0 |8 A |9 286707 |a BIBDER |b BIBDER |d 2019-11-19 |i 1861379 |o 340.07 BON 1929 |p 1861379 |r 2023-01-25 |w 2019-11-19 |y BK |k DER | ||